Central Library OPAC University of Rajshahi

Man's physical and spiritual nature / (Record no. 29129)

MARC details
000 -LEADER
fixed length control field 00729nam a22002531 4500
001 - CONTROL NUMBER
control field 29129
003 - CONTROL NUMBER IDENTIFIER
rucl marc code BD-RjUL
005 - DATE AND TIME OF LATEST TRANSACTION
control field 20211209051357.0
008 - FIXED-LENGTH DATA ELEMENTS--GENERAL INFORMATION
fixed length control field 140402s1963 nyu 001 0 eng d
035 ## - SYSTEM CONTROL NUMBER
System control number (BD-RjUL)29214
System control number (OCoLC)562161
040 ## - CATALOGING SOURCE
Original cataloging agency DLC
Transcribing agency OWorP
Modifying agency OCanW
-- Uk
-- DLC
-- BD-RjUL
Language of cataloging eng
041 ## - LANGUAGE CODE
Language code of text/sound track or separate title eng
082 04 - DEWEY DECIMAL CLASSIFICATION NUMBER
Classification number 130
Author mark and year COM 1963
100 1# - MAIN ENTRY--PERSONAL NAME
Personal name Collingwood, Francis J.
9 (RLIN) 88941
245 10 - TITLE STATEMENT
Title Man's physical and spiritual nature /
Statement of responsibility, etc. Francis J. Collingwood.
260 ## - PUBLICATION, DISTRIBUTION, ETC. (IMPRINT)
Place of publication, distribution, etc. New York :
Name of publisher, distributor, etc. Holt, Rinehart and Winston,
Date of publication, distribution, etc. c.1963.
300 ## - PHYSICAL DESCRIPTION
Pagination xi, 387 p. ;
Size 22 cm.
504 ## - BIBLIOGRAPHY, ETC. NOTE
Bibliography, etc Includes index.
650 #0 - SUBJECT ADDED ENTRY--TOPICAL TERM
Topical term or geographic name as entry element Philosophical anthropology
9 (RLIN) 3634
942 ## - ADDED ENTRY ELEMENTS (KOHA)
Source of classification or shelving scheme Dewey Decimal Classification
Koha item type Books
Holdings
Lost status Source of classification or shelving scheme Damaged status Not for loan Collection code Permanent Location Current Location Shelving location Date acquired Source of acquisition Cost, normal purchase price Total Checkouts Full call number Date last seen Copy number Koha item type
  Dewey Decimal Classification   Added to bundle Non-fiction Central Library, University of Rajshahi Central Library, University of Rajshahi Reading Room 08/09/1970 Zeitlinger. 79.60   130 COM 1963 02/04/2014 C-1 Books